|
|
|
|
| LEADER |
02187nam a2200457 a 4500 |
| 001 |
EBC731317 |
| 003 |
MiAaPQ |
| 005 |
20200520144314.0 |
| 006 |
m o d | |
| 007 |
cr cn||||||||| |
| 008 |
101021s2011 si ad sb 001 0 eng d |
| 010 |
|
|
|z 2010044322
|
| 020 |
|
|
|z 9812837477
|
| 020 |
|
|
|z 9789812837479
|
| 020 |
|
|
|a 9789812837486 (electronic bk.)
|
| 035 |
|
|
|a (MiAaPQ)EBC731317
|
| 035 |
|
|
|a (Au-PeEL)EBL731317
|
| 035 |
|
|
|a (CaPaEBR)ebr10479783
|
| 035 |
|
|
|a (CaONFJC)MIL314358
|
| 035 |
|
|
|a (OCoLC)738438778
|
| 040 |
|
|
|a MiAaPQ
|c MiAaPQ
|d MiAaPQ
|
| 043 |
|
|
|a a-ce---
|
| 050 |
|
4 |
|a HD2741
|b .P46 2011
|
| 082 |
0 |
4 |
|a 338.6095493
|2 22
|
| 100 |
1 |
|
|a Perera, Shalini.
|
| 245 |
1 |
0 |
|a Corporate ownership and control
|h [electronic resource] :
|b corporate governance and economic development in Sri Lanka /
|c Shalini Perera.
|
| 250 |
|
|
|a 1st ed.
|
| 260 |
|
|
|a Singapore ;
|a Hackensack, N.J. :
|b World Scientific Pub. Co.,
|c c2011.
|
| 300 |
|
|
|a xxxiv, 410 p. :
|b ill. (some col.) cm.
|
| 490 |
1 |
|
|a Series on economic development and growth,
|x 1793-3668 ;
|v v. 6
|
| 504 |
|
|
|a Includes bibliographical references and indexes.
|
| 505 |
0 |
|
|a Introduction -- Corporate governance and economic development : the nexus -- Corporate ownership, control and corporate governance -- The separation of ownership and control in Sri Lanka -- Determinants of ownership and control structures in Sri Lanka -- Controlling shareholder systems and corporate governance -- Controlling shareholder systems : the search for reform -- The role of lenders in controlling shareholder systems -- Conclusion.
|
| 533 |
|
|
|a Electronic reproduction. Ann Arbor, MI : ProQuest, 2015. Available via World Wide Web. Access may be limited to ProQuest affiliated libraries.
|
| 650 |
|
0 |
|a Corporations
|z Sri Lanka.
|
| 650 |
|
0 |
|a Stock ownership
|z Sri Lanka.
|
| 650 |
|
0 |
|a Industrial concentration
|z Sri Lanka.
|
| 651 |
|
0 |
|a Sri Lanka
|x Economic policy
|y 21st century.
|
| 655 |
|
4 |
|a Electronic books.
|
| 710 |
2 |
|
|a ProQuest (Firm)
|
| 830 |
|
0 |
|a Series on economic development and growth ;
|v v. 6.
|
| 856 |
4 |
0 |
|u https://ebookcentral.proquest.com/lib/matrademy/detail.action?docID=731317
|z Click to View
|